| 000 | 00850nam a2200229Ia 4500 | ||
|---|---|---|---|
| 001 | 15536 | ||
| 003 | GE_BSU | ||
| 008 | 181216s||||||||xx |||||||||||||| ||und|| | ||
| 040 | _cGE_BSU | ||
| 080 | _a821.161.1-31+82-93 | ||
| 100 | _aაქსაკოვი, ს. | ||
| 245 | _aსაოჯახო ქრონიკა. ბაგროვიანთ შვილიშვილის ბავშვობა | ||
| 245 | _bრომანი | ||
| 245 | _cმთარგმნ. რ. ქებულაძე. | ||
| 260 | _aთბილისი | ||
| 260 | _bგანათლება | ||
| 260 | _c1985 | ||
| 300 | _a558გვ.20სმ. | ||
| 653 | _aრომანი | ||
| 653 | _aსაოჯახო ქრონიკა. ბაგროვიანთ შვილიშვილის ბავშვობა | ||
| 942 | _cBK | ||
| 999 |
_c48636 _d48636 |
||